000 00695nam a2200241Ia 4500
003 OSt
005 20220925230425.0
006 a|||||r|||| 00| 0
007 ta
008 220923b |||||||| |||| 00| 0 eng d
037 _cGeneral Book
040 _aRTL
_cRTL
_beng
041 _2eng
_aeng
082 _aX;3M24xM18;g, M3
100 _aAnderson Perry
_923588
245 0 _aIn the tracks of historical materialism
260 _aLondon
_bVerso Editions
_c1983
300 _a112p
_ccm.
490 _aWellek Library Lectures
650 _aEconomic Classics Karl Marx
_9233100
942 _hX;3M24xM18;g, M3
_cGB
_2CC
999 _c585474
_d585474